000 00381nam a22001457a 4500
999 _c8914
_d8914
003 GBCCL
005 20241126110701.0
008 220125b ||||| |||| 00| 0 eng d
040 _cgbc
082 _aSOU KEM
_b2020
245 _aKemtu muanhuai :
_bEBC Lamka North Division
260 _aLamka :
_bDivision Baptist Youth Fellowship,
_c2020
300 _a151p. ;
942 _2ddc
_cARCH